Missing Word: Wrestling Tag Teams & Factions (A-Z) Quiz Stats

 Plays Quiz Updated Aug 12, 2019

Score 0/24 Timer 03:00
4 Plays Today
Team Missing Word % Correct
_______ HorsemenFour
91.9%
The _______ 'n' Sock ConnectionRock
90.6%
New _______ OrderWorld
89.2%
The _______ DayNew
87.8%
_______ of DoomLegion
84.1%
The _______ FoundationHart
82.7%
The _______ BucksYoung
82%
Straight _______ SocietyEdge
80.3%
Authors of _______Pain
80%
The New Age _______Outlaws
78.1%
Bullet _______Club
75.1%
_______ AlphaAmerican
74.9%
Team Missing Word % Correct
The Spirit _______Squad
73.3%
Nation of _______Domination
72.7%
_______ WorldwideTitus
67%
The _______ BustersBrain
60.1%
The _______ PowersMega
58.8%
The _______ EraUndisputed
58.8%
Power & _______Glory
56.7%
The _______ BeesKiller
52.9%
Full Blooded _______Italians
51.5%
_______ & DeliciousVicious
35.3%
The _______ TrainZo
33.2%
The _______ TriadJersey
23.9%

Today's Daily Dose

Missing Word
Sherlocks

Word Ladder
King of the Hill

Quick Pick
Songs in Pink

Get the Picture
NBA Teammates

You're not logged in!

Compare scores with friends on all Sporcle quizzes.
OR
Log In

Sporcle TV

Today on Sporcle TV


Watch our educational content, quiz creation guides, and fun videos on Sporcle TV.

Show Comments

Extras

Top Quizzes Today


Score Distribution

Your Account Isn't Verified!

In order to create a playlist on Sporcle, you need to verify the email address you used during registration. Go to your Sporcle Settings to finish the process.

Report this User

Report this user for behavior that violates our Community Guidelines.

Details: